<?xml version="1.0" encoding="UTF-8"?>
<record
    xmlns:xsi="http://www.w3.org/2001/XMLSchema-instance"
    xsi:schemaLocation="http://www.loc.gov/MARC21/slim http://www.loc.gov/standards/marcxml/schema/MARC21slim.xsd"
    xmlns="http://www.loc.gov/MARC21/slim">

  <leader>02068nam2a22002891  4500</leader>
  <controlfield tag="001">RU\NLR\INFOCOMM29\5000124182</controlfield>
  <controlfield tag="005">20250617133132.0</controlfield>
  <datafield tag="035" ind1=" " ind2=" ">
    <subfield code="a">(NLR Aleph) 002632734</subfield>
  </datafield>
  <datafield tag="090" ind1=" " ind2=" ">
    <subfield code="a">3715719</subfield>
    <subfield code="c">3715719</subfield>
  </datafield>
  <datafield tag="100" ind1=" " ind2=" ">
    <subfield code="a">20050215d1962    |||y0rusy50      ca</subfield>
  </datafield>
  <datafield tag="101" ind1="0" ind2=" ">
    <subfield code="a">rus</subfield>
  </datafield>
  <datafield tag="102" ind1=" " ind2=" ">
    <subfield code="a">RU</subfield>
  </datafield>
  <datafield tag="105" ind1=" " ind2=" ">
    <subfield code="a">y   ||||000|y</subfield>
  </datafield>
  <datafield tag="200" ind1="1" ind2=" ">
    <subfield code="a">&#x41F;&#x440;&#x438;&#x431;&#x43E;&#x440; &#x434;&#x43B;&#x44F; &#x438;&#x437;&#x43C;&#x435;&#x440;&#x435;&#x43D;&#x438;&#x44F; &#x432;&#x43D;&#x443;&#x442;&#x440;&#x435;&#x43D;&#x43D;&#x435;&#x433;&#x43E; &#x442;&#x440;&#x435;&#x43D;&#x438;&#x44F;</subfield>
    <subfield code="f">&#x42E;.&#x412;. &#x41F;&#x438;&#x433;&#x443;&#x437;&#x43E;&#x432;, &#x420;. &#x420;&#x430;&#x442;&#x442;&#x43A;&#x435;</subfield>
  </datafield>
  <datafield tag="210" ind1=" " ind2=" ">
    <subfield code="d">1962</subfield>
    <subfield code="a">&#x411;. &#x43C;.</subfield>
  </datafield>
  <datafield tag="225" ind1="1" ind2=" ">
    <subfield code="a">&#x422;&#x435;&#x43C;&#x430; 32. &#x41F;&#x440;&#x438;&#x431;&#x43E;&#x440;&#x44B; &#x434;&#x43B;&#x44F; &#x438;&#x441;&#x441;&#x43B;&#x435;&#x434;&#x43E;&#x432;&#x430;&#x43D;&#x438;&#x44F; &#x444;&#x438;&#x437;&#x438;&#x43A;&#x43E;-&#x43C;&#x435;&#x445;&#x430;&#x43D;&#x438;&#x447;&#x435;&#x441;&#x43A;&#x438;&#x445; &#x441;&#x432;&#x43E;&#x439;&#x441;&#x442;&#x432; &#x438; &#x441;&#x442;&#x440;&#x443;&#x43A;&#x442;&#x443;&#x440;&#x44B; &#x43C;&#x430;&#x442;&#x435;&#x440;&#x438;&#x430;&#x43B;&#x43E;&#x432;</subfield>
    <subfield code="v">&#x412;&#x44B;&#x43F;.2</subfield>
  </datafield>
  <datafield tag="423" ind1=" " ind2="0">
    <subfield code="1">2001#$a&#x423;&#x441;&#x442;&#x430;&#x43D;&#x43E;&#x432;&#x43A;&#x430; &#x423;&#x41F;-3 &#x434;&#x43B;&#x44F; &#x43E;&#x43F;&#x440;&#x435;&#x434;&#x435;&#x43B;&#x435;&#x43D;&#x438;&#x44F; &#x43C;&#x43E;&#x434;&#x443;&#x43B;&#x44F; &#x42E;&#x43D;&#x433;&#x430; &#x432; &#x434;&#x438;&#x430;&#x43F;&#x430;&#x437;&#x43E;&#x43D;&#x435; &#x442;&#x435;&#x43C;&#x43F;&#x435;&#x440;&#x430;&#x442;&#x443;&#x440; 20-2000&#xB0;&#x421;$f&#x412;.&#x410;. &#x41A;&#x443;&#x437;&#x44C;&#x43C;&#x435;&#x43D;&#x43A;&#x43E;, &#x42E;.&#x410;. &#x41A;&#x430;&#x448;&#x442;&#x430;&#x43B;&#x44F;&#x43D;</subfield>
    <subfield code="1">700#1$a&#x41A;&#x443;&#x437;&#x44C;&#x43C;&#x435;&#x43D;&#x43A;&#x43E;$b&#x412;.&#x410;.</subfield>
    <subfield code="1">701#1$a&#x41A;&#x430;&#x448;&#x442;&#x430;&#x43B;&#x44F;&#x43D;$b&#x42E;.&#x410;.</subfield>
    <subfield code="t">&#x423;&#x441;&#x442;&#x430;&#x43D;&#x43E;&#x432;&#x43A;&#x430; &#x423;&#x41F;-3 &#x434;&#x43B;&#x44F; &#x43E;&#x43F;&#x440;&#x435;&#x434;&#x435;&#x43B;&#x435;&#x43D;&#x438;&#x44F; &#x43C;&#x43E;&#x434;&#x443;&#x43B;&#x44F; &#x42E;&#x43D;&#x433;&#x430; &#x432; &#x434;&#x438;&#x430;&#x43F;&#x430;&#x437;&#x43E;&#x43D;&#x435; &#x442;&#x435;&#x43C;&#x43F;&#x435;&#x440;&#x430;&#x442;&#x443;&#x440; 20-2000&#xB0;&#x421;</subfield>
    <subfield code="a">&#x41A;&#x443;&#x437;&#x44C;&#x43C;&#x435;&#x43D;&#x43A;&#x43E;, &#x412;.&#x410;.</subfield>
  </datafield>
  <datafield tag="461" ind1=" " ind2="0">
    <subfield code="1">001RU\NLR\INFOCOMM29\5000122211</subfield>
    <subfield code="1">2001#$a&#x41F;&#x435;&#x440;&#x435;&#x434;&#x43E;&#x432;&#x43E;&#x439; &#x43D;&#x430;&#x443;&#x447;&#x43D;&#x43E;-&#x442;&#x435;&#x445;&#x43D;&#x438;&#x447;&#x435;&#x441;&#x43A;&#x438;&#x439; &#x438; &#x43F;&#x440;&#x43E;&#x438;&#x437;&#x432;&#x43E;&#x434;&#x441;&#x442;&#x432;&#x435;&#x43D;&#x43D;&#x44B;&#x439; &#x43E;&#x43F;&#x44B;&#x442;$i&#x41F;&#x440;&#x438;&#x431;&#x43E;&#x440;&#x44B; &#x434;&#x43B;&#x44F; &#x43D;&#x430;&#x443;&#x447;&#x43D;&#x44B;&#x445; &#x438;&#x441;&#x441;&#x43B;&#x435;&#x434;&#x43E;&#x432;&#x430;&#x43D;&#x438;&#x439;$f&#x413;&#x43E;&#x441;. &#x41D;&#x430;&#x443;&#x447;.-&#x442;&#x435;&#x445;&#x43D;. &#x43A;&#x43E;&#x43C;. &#x421;&#x43E;&#x432;&#x435;&#x442;&#x430; &#x43C;&#x438;&#x43D;&#x438;&#x441;&#x442;&#x440;&#x43E;&#x432; &#x420;&#x421;&#x424;&#x421;&#x420;. &#x426;&#x435;&#x43D;&#x442;&#x440;. &#x438;&#x43D;-&#x442; &#x442;&#x435;&#x445;&#x43D;. &#x44D;&#x43A;&#x43E;&#x43D;. &#x438;&#x43D;&#x444;&#x43E;&#x440;&#x43C;&#x430;&#x446;&#x438;&#x438;$v1962, &#x2116;&#x41F;-62-3</subfield>
    <subfield code="9">3998407</subfield>
    <subfield code="c">&#x41C;.</subfield>
    <subfield code="d">1958-</subfield>
    <subfield code="f">&#x413;&#x43E;&#x441;. &#x41D;&#x430;&#x443;&#x447;.-&#x442;&#x435;&#x445;&#x43D;. &#x43A;&#x43E;&#x43C;. &#x421;&#x43E;&#x432;&#x435;&#x442;&#x430; &#x43C;&#x438;&#x43D;&#x438;&#x441;&#x442;&#x440;&#x43E;&#x432; &#x420;&#x421;&#x424;&#x421;&#x420;. &#x426;&#x435;&#x43D;&#x442;&#x440;. &#x438;&#x43D;-&#x442; &#x442;&#x435;&#x445;&#x43D;. &#x44D;&#x43A;&#x43E;&#x43D;. &#x438;&#x43D;&#x444;&#x43E;&#x440;&#x43C;&#x430;&#x446;&#x438;&#x438;</subfield>
    <subfield code="i">&#x41F;&#x440;&#x438;&#x431;&#x43E;&#x440;&#x44B; &#x434;&#x43B;&#x44F; &#x43D;&#x430;&#x443;&#x447;&#x43D;&#x44B;&#x445; &#x438;&#x441;&#x441;&#x43B;&#x435;&#x434;&#x43E;&#x432;&#x430;&#x43D;&#x438;&#x439;</subfield>
    <subfield code="t">&#x41F;&#x435;&#x440;&#x435;&#x434;&#x43E;&#x432;&#x43E;&#x439; &#x43D;&#x430;&#x443;&#x447;&#x43D;&#x43E;-&#x442;&#x435;&#x445;&#x43D;&#x438;&#x447;&#x435;&#x441;&#x43A;&#x438;&#x439; &#x438; &#x43F;&#x440;&#x43E;&#x438;&#x437;&#x432;&#x43E;&#x434;&#x441;&#x442;&#x432;&#x435;&#x43D;&#x43D;&#x44B;&#x439; &#x43E;&#x43F;&#x44B;&#x442;</subfield>
    <subfield code="v">1962, &#x2116;&#x41F;-62-3</subfield>
  </datafield>
  <datafield tag="700" ind1=" " ind2="1">
    <subfield code="a">&#x41F;&#x438;&#x433;&#x443;&#x437;&#x43E;&#x432;</subfield>
    <subfield code="b">&#x42E;.&#x412;.</subfield>
    <subfield code="4">070</subfield>
  </datafield>
  <datafield tag="701" ind1=" " ind2="1">
    <subfield code="a">&#x420;&#x430;&#x442;&#x442;&#x43A;&#x435;</subfield>
    <subfield code="b">&#x420;.</subfield>
    <subfield code="4">070</subfield>
  </datafield>
  <datafield tag="801" ind1=" " ind2="1">
    <subfield code="a">RU</subfield>
    <subfield code="b">InfoComm</subfield>
    <subfield code="c">20050217</subfield>
  </datafield>
  <datafield tag="801" ind1=" " ind2="0">
    <subfield code="a">RU</subfield>
    <subfield code="b">NLR</subfield>
    <subfield code="g">PSBO</subfield>
  </datafield>
  <datafield tag="852" ind1=" " ind2=" ">
    <subfield code="a">NLR</subfield>
    <subfield code="j">&#x41F;11/1555</subfield>
  </datafield>
  <datafield tag="942" ind1=" " ind2=" ">
    <subfield code="c">ISSUE</subfield>
  </datafield>
  <datafield tag="980" ind1=" " ind2=" ">
    <subfield code="a">NB</subfield>
  </datafield>
  <datafield tag="980" ind1=" " ind2=" ">
    <subfield code="a">RUSPER</subfield>
  </datafield>
</record>
